Španielčina : konverzácia /

Gespeichert in:
Bibliographische Detailangaben
Körperschaft: Lingea (Bratislava) (UrheberIn)
Format: Buch
Sprache:Slowakisch
Veröffentlicht: Bratislava : Lingea, 2009
Ausgabe:1. vyd.
Schlagworte:
ISBN:9788089323326
Online-Zugang: Volltext
Tags: Tag hinzufügen
Keine Tags, Fügen Sie den ersten Tag hinzu!

MARC

LEADER 00000nam a2200000 4500
003 SK-BrCVT
005 20220618080848.0
008 100125s2009 xo e ||||||slo d
020 |a 9788089323326 
035 |a CVTIDW1517452 
040 |b slo  |a CVTI SR  |e AACR2 
041 0 |a slo 
044 |a xo 
080 |a 811.134.2  |2 UDC-MRF 
080 |a 811.162.4  |2 UDC-MRF 
080 |a 81'24  |2 UDC-MRF 
110 1 |a Lingea (Bratislava)  |4 org 
245 1 0 |a Španielčina :  |b konverzácia /  |c Lingea 
250 |a 1. vyd. 
260 |a Bratislava :  |b Lingea,  |c 2009 
300 |a 352 s. :  |b fotogr., mapy, tab. ; 
500 |a So slovníkom a gramatikou 
653 1 |a španielsky jazyk 
910 |b A609670 
919 |a 978-80-89323-32-6 
974 |f Knihy 
992 |a ASL 
999 |c 195298  |d 195298